Stenografická správa o 27. schôdzi Národnej rady Slovenskej republiky konanej 9., 10., 11., 16., 17., 18., 22., 23., 24. a 25. marca 1994 Šiesty deň rokovania 27. schôdze Národnej rady Slovenskej republiky 18. marca 1994. 10. volebné obdobie

Saved in:
Bibliographic Details
Format: Book
Language:Slovak
Published: Bratislava Národná rada SR 1994
Edition:1. vyd.
Subjects:
Tags: Add Tag
No Tags, Be the first to tag this record!

MARC

LEADER 00000nam a2200000 4500
001 c009474
005 20221214075433.6
041 0 |a slo 
044 |a SK 
245 1 0 |a Stenografická správa o 27. schôdzi Národnej rady Slovenskej republiky konanej 9., 10., 11., 16., 17., 18., 22., 23., 24. a 25. marca 1994  |b Šiesty deň rokovania 27. schôdze Národnej rady Slovenskej republiky 18. marca 1994. 10. volebné obdobie 
250 |a 1. vyd. 
264 1 |a Bratislava  |b Národná rada SR  |c 1994 
300 |a S.485-757 
610 2 0 |a parlamenty 
610 2 0 |a Slovensko 
610 2 0 |a NR SR Bratislava 
610 2 0 |a 1994 
610 2 0 |a marec 
610 2 0 |a schôdze